Loading...
| History - Other | 2 | 4 | 1 | 1 | 65 | 69 | 92.83 | 3 | 5 | 20.34 | 44.51 |
| Literature - European | 1 | 3 | 0 | 1 | 45 | 82 | 119.25 | 1 | 2 | 7.47 | 18.81 |
| Literature - World | 2 | 1 | 1 | 0 | 35 | 24 | 59.33 | 3 | 3 | 13.06 | 20.92 |
| Philosophy | 1 | 2 | 0 | 0 | 35 | 59 | 97.00 | 1 | 3 | 7.62 | 19.82 |
| Religion | 0 | 3 | 0 | 2 | 30 | 113 | 145.33 | 0 | 0 | 1.70 | 7.14 |
| Fine Arts - Other Arts | 0 | 3 | 0 | 0 | 30 | 85 | 122.67 | 0 | 0 | 3.77 | 9.89 |
| Fine Arts - Painting and Sculpture | 1 | 1 | 0 | 0 | 25 | 72 | 95.50 | 1 | 2 | 7.71 | 19.78 |
| Fine Arts - Classical Music and Opera | 1 | 1 | 1 | 0 | 20 | 59 | 78.00 | 1 | 1 | 6.80 | 12.86 |
| History - World | 1 | 1 | 1 | 0 | 20 | 72 | 102.50 | 0 | 1 | 4.71 | 11.83 |
| Mythology | 0 | 2 | 0 | 0 | 20 | 111 | 114.00 | 0 | 1 | 7.17 | 20.71 |
| Social Science | 1 | 0 | 0 | 0 | 15 | 42 | 42.00 | 1 | 1 | 5.12 | 7.14 |
| Literature - American | 1 | 0 | 0 | 0 | 15 | 92 | 92.00 | 0 | 1 | 3.30 | 6.12 |
| Other Academic | 0 | 1 | 0 | 0 | 10 | 90 | 90.00 | 0 | 1 | 6.39 | 11.11 |
| History - European | 0 | 1 | 0 | 0 | 10 | 120 | 120.00 | 0 | 0 | 1.54 | 4.95 |
| History - American | 1 | 0 | 1 | 0 | 10 | 24 | 24.00 | 1 | 1 | 6.00 | 7.14 |